000 00311nam a22001337a 4500
008 170608b xxu||||| |||| 00| 0 eng d
020 _a9780442319342
041 _aeng
080 _a32
100 _a18
101 _aSHP
245 _aINDUSTRIAL AND HAZARDOUS WASTE TREATMENT
_cNEMEROW, N.L
942 _2udc
_cBK
999 _c16386
_d16386